000 00366 a2200169 4500
001 56720
020 _a8508087772
040 _cAnchieta - Pituba
100 _aAguiar, Luiz Antonio
240 1 0 _aEra no tempo do rei
_lpor
245 1 0 _aEra no tempo do rei
300 _a112
362 0 _a2005
440 1 _aÁtica
650 4 _aLiteratura juvenil
942 _cBK
999 _c56720
_d56720